000 00580nam a2200229Ia 4500
003 OSt
005 20230526125731.0
008 210423s2013 xx 000 0 und d
020 _a978-81-203-4077-0
040 _cAL
041 _aeng
082 _a543
_223
_b DASA
100 _aDASH (Dhruba Charan)
_9100274
245 _aAnalytical chemistry
260 _bPHI Learning Pvt Ltd
_c2013
300 _axvii,581
_bPB
365 _b395
_cINR
650 _aAnalytical Chemistry
_9100275
650 _aChemistry
_9100276
906 _aAnalytical ; chemistry
942 _2ddc
_cBK
999 _c165521
_d165521